Drug control : federal financial assistance to state and local governments /

Bibliographic Details
Main Author: Bea, Keith
Corporate Author: Library of Congress. Congressional Research Service
Format: Microform Book
Language:English
Published: [Washington, D.C.] : Congressional Research Service, Library of Congress, [1990]
Series:Major studies and issue briefs of the Congressional Research Service. Supplement ; 1990, reel 2, fr. 0624.
Subjects:

MARC

Tag First Indicator Second Indicator Subfields
LEADER 00000cam a2200000 a 4500
001 in00001294749
005 20151004091716.0
007 hd afa014baca
008 921009s1990 dcu ab f000 0 eng d
035 |a (OCoLC)26759029 
035 |9 AGZ6548AM 
040 |a UP3  |c UP3  |d UtOrBLW 
043 |a n-us--- 
049 |a TXAI 
090 |a JK1108  |b .M35 Suppl. 1990 reel 2 
099 |a Film   |a  S   |a  1717 1990, reel 2, fr. 0624. 
100 1 |a Bea, Keith. 
245 1 0 |a Drug control :  |b federal financial assistance to state and local governments /  |c Keith Bea. 
264 1 |a [Washington, D.C.] :  |b Congressional Research Service, Library of Congress,  |c [1990] 
300 |a 61 pages ;  |c 28 cm. 
336 |a text  |b txt  |2 rdacontent 
337 |a microform  |b h  |2 rdamedia 
338 |a microfilm reel  |b hd  |2 rdacarrier 
500 |a Cover title. 
500 |a At head of title: CRS report for Congress. 
500 |a "September 24, 1990." 
504 |a Includes bibliographical references. 
500 |a "90-464 GOV." 
533 |a Microfilm.  |b Arlington, Va. :  |c University Publications of America,  |d 1991.  |e on 1 microfilm reel ; 35 mm. Low reduction.  |f (Major studies and issue briefs of the Congressional Research Service. 1990 supplement ; reel 2, fr. 0624). 
500 |a Microform. 
650 0 |a Drug control  |z United States. 
650 0 |a Federal aid to law enforcement agencies  |z United States. 
710 2 |a Library of Congress.  |b Congressional Research Service. 
830 0 |a Major studies and issue briefs of the Congressional Research Service.  |p Supplement ;  |v 1990, reel 2, fr. 0624. 
999 |a MARS 
999 f f |s 6e496376-013e-397f-95aa-7a498743e00a  |i 32cb160a-ff3c-3a73-bd6f-a418b9793fa2  |t 0 
952 f f |p default  |a Texas A&M University  |b College Station  |c Sterling C. Evans Library  |d Evans: Microforms (3rd floor)  |t 0  |e Film S 1707 1990, reel 2 fr. 0624  |h Other scheme  |i microform -- microfilm reel 
998 f f |a Film S 1707 1990, reel 2 fr. 0624  |t 0  |l Evans: Microforms (3rd floor)